A short history of botany in the United States /

Guardado en:
Autor Principal: Ewan, Joseph, 1909-1999.
Formato: Libro
Idioma:English
Publicado: New York : Hafner Pub. Co, 1969.
Etiquetas: Agregar Etiqueta
Sin Etiquetas, Sea el primero en etiquetar este registro!
LEADER 00643nam a22001695a 4500
001 EEA.libagro005504
005 20161014102241.0
008 130809s1969####nyu######b####000#0#eng#d
082 0 4 |a 581.0973 
100 1 |a Ewan, Joseph,  |d 1909-1999. 
245 0 0 |a A short history of botany in the United States /  |c Edited by Joseph Ewan. With contributions by Chester A. Arnold ... [et al.]. 
246 1 |a Botany in the United States 
260 |a New York :  |b Hafner Pub. Co,  |c 1969. 
300 |a ix, 174 p. ;  |c 23 cm. 
500 |a XI International Botanical Congress. 
504 |a Bibliografía: p. 153-160. 
859 |a AR-BbBCA  |b BIB. AGRONOMIA  |h 581.0973  |i E94  |p 1997/2818